Socialism or Barbarism : (Record no. 15312)
[ view plain ]
| 000 -LEADER | |
|---|---|
| fixed length control field | 00754nam a22002177a 4500 |
| 008 - FIXED-LENGTH DATA ELEMENTS--GENERAL INFORMATION | |
| fixed length control field | 110517s2010 enk|||||r|||| 001 0 eng d |
| 020 ## - INTERNATIONAL STANDARD BOOK NUMBER | |
| International Standard Book Number | 0745329888 |
| 020 ## - INTERNATIONAL STANDARD BOOK NUMBER | |
| International Standard Book Number | 9780745329888 |
| 082 ## - DEWEY DECIMAL CLASSIFICATION NUMBER | |
| Edition number | 22 |
| Classification number | 335.43 |
| Item number | LUX |
| 100 ## - MAIN ENTRY--PERSONAL NAME | |
| 9 (RLIN) | 23899 |
| Personal name | Luxemburg, Rosa |
| 245 ## - TITLE STATEMENT | |
| Title | Socialism or Barbarism : |
| Remainder of title | Selected Writings / |
| Statement of responsibility, etc | Rosa Luxemburg; edited and with an introduction by Paul Le Blanc and Helen C. Scott |
| 260 ## - PUBLICATION, DISTRIBUTION, ETC. (IMPRINT) | |
| Place of publication, distribution, etc | London : |
| Name of publisher, distributor, etc | Pluto Press, 2010 |
| Date of publication, distribution, etc | 2010 |
| 300 ## - PHYSICAL DESCRIPTION | |
| Extent | 281 p. ; |
| Dimensions | 22 cm. |
| 490 ## - Series Statement | |
| -- | 23900 |
| Series statement | Get Political ; |
| -- | 9 |
| 650 ## - SUBJECT ADDED ENTRY--TOPICAL TERM | |
| 9 (RLIN) | 23901 |
| Topical term or geographic name as entry element | Communism. |
| Topical term following geographic name as entry element | Socialism |
| Geographic subdivision | Germany |
| 651 ## - SUBJECT ADDED ENTRY--GEOGRAPHIC NAME | |
| 9 (RLIN) | 23902 |
| Geographic name | Soviet Union |
| General subdivision | History |
| Chronological subdivision | Revolution, 1917-1921 |
| 653 ## - INDEX TERM--UNCONTROLLED | |
| Resource For college | |
| Arrived date list | May2011 |
| 650 ## - SUBJECT ADDED ENTRY--TOPICAL TERM | |
| 9 (RLIN) | 10837 |
| Topical term or geographic name as entry element | Socialism |
| 650 ## - SUBJECT ADDED ENTRY--TOPICAL TERM | |
| 9 (RLIN) | 10626 |
| Topical term or geographic name as entry element | Communism |
| 942 ## - ADDED ENTRY ELEMENTS (KOHA) | |
| Source of classification or shelving scheme | Dewey Decimal Classification |
| Item type | Book - Borrowing |
| Withdrawn status | Item status | Source of classification or shelving scheme | Damaged status | Not for loan | Vendor | Home library | Current library | Shelving location | Date acquired | Source of acquisition | Cost, normal purchase price | Serial Enumeration / chronology | Total Checkouts | Total Renewals | Full call number | Barcode | Date last seen | Date last borrowed | Koha item type |
|---|---|---|---|---|---|---|---|---|---|---|---|---|---|---|---|---|---|---|---|
| Dewey Decimal Classification | Baccah | Central Library | Central Library | First floor | 17/05/2011 | 195.00 | 12252 | 1 | 4 | 335.43 LUX | 000023593 | 15/07/2025 | 14/04/2013 | Book - Borrowing |